000 02766cam a22004454a 4500
001 muse87210
003 MdBmJHUP
005 20210127151810.0
006 m o d
007 cr||||||||nn|n
008 200729r20202016xxu o 00 0 eng d
020 _a9780998531823
035 _a(OCoLC)1188992346
040 _aMdBmJHUP
_cMdBmJHUP
050 4 _aBJ1012
_b.M867 2017
100 1 _aMunro, M.
_q(Michael),
_eauthor.
245 0 0 _aPhilosophy for Militants
_cM. Munro.
264 1 _bProject Muse,
264 3 _bProject MUSE,
300 _a1 online resource (52 pages)
500 _aIssued as part of book collections on Project MUSE.
504 _aIncludes bibliographical references (pages 45-52).
505 0 _aPreface. Note toward a theory of the militant -- The untranslatable : triptych on a sentence by Rey Chow -- The thing itself -- The return to philology -- The lion and the ball : on the secret of language -- Place without description, or, thinking with poems -- "Utopia is the very topia of things" : on parables -- "To believe in this world" : immanence and militancy.
506 0 _aOpen Access
_fUnrestricted online access
_2star
520 _a"No longer imminent, the End is immanent." "Ends are ends," Frank Kermode goes on to clarify, "only when they are not negative but frankly transfigure the events in which they were immanent." From its imminence to its immanence, not "negative," "no longer," but transformative, how is "the End" in turn "transfigured"? In what may ending be said then to consist? To "the end times" of apocalypse and eschatology Giorgio Agamben, following Gianni Carchia, opposes messianism and "messianic time"--to the end of time, in a formula, the time of the end. To the writings of those for whom to philosophize is to learn how to die--from Plato to Montaigne and beyond--one may oppose, in like manner, the writings of Spinoza, who "thinks of death least of all things"--"for nature is Messianic by reason of its eternal and total passing away," as Benjamin writes--and so in whose pages "wisdom," transfigured, "is a meditation on life."
588 _aDescription based on print version record.
650 0 _aEthics.
650 0 _aPhilosophy
_xPolitical aspects.
655 0 _aElectronic books.
655 7 _aElectronic books.
_2local
710 2 _aProject Muse,
_edistributor.
776 1 8 _iPrint version:
_z9780998531823
710 2 _aProject Muse.
_edistributor
830 0 _aBook collections on Project MUSE.
856 4 0 _zFull text available:
_uhttps://muse.jhu.edu/book/76525/
999 _c27061
_d27061